| 000 | 00933nam a2200229 i 4500 | ||
|---|---|---|---|
| 001 | 29175 | ||
| 003 | ES-MaACL | ||
| 005 | 20240223153032.0 | ||
| 007 | t| | ||
| 008 | 030121s1931 fr ||||1| fre d | ||
| 100 | 1 |
_aBardon, Maurice. _925593 |
|
| 245 | 1 | 1 |
_a"Don Quichotte" en France au XVII et au XVIII siècle _b: 1605-1815 / _cMaurice Bardon. |
| 260 |
_aParis : _bLibraire Ancienne Honoré Champion, _c1931 ( _fPresses Modernes) |
||
| 300 |
_a2 v. (932 p.), [3] h. lám. ; _c26 cm. |
||
| 490 | 1 | _aBibliothéque de la Revue de Littérature comparée | |
| 504 | _aBibliografía: p. [845]-897. Índices. | ||
| 600 | 1 | 4 |
_aCervantes Saavedra, Miguel de, _d1547-1616. _tDon Quijote de la Mancha _937612 |
| 600 | 1 | 7 |
_aCervantes Saavedra, Miguel de, _d1547-1616- _xRecepción- _zFrancia _2 _9164274 |
| 830 | 0 |
_aBibliothéque de la Revue de Littérature comparée _9182653 |
|
| 852 |
_aES-MaACL _jA-2050-51 |
||
| 999 |
_c29175 _d29175 |
||